[Event "7th Open"]
[Site "Korinthos GRE"]
[Date "2004.07.23"]
[Round "2"]
[White "Ntiloudi,D"]
[Black "Sigalas,F"]
[Result "0-1"]
[WhiteElo "1900"]
[BlackElo "2277"]

1.d4 e6 2.c4 Nf6 3.Nc3 Bb4 4.Qc2 O-O 5.a3 Bxc3+ 6.Qxc3 Ne4 7.Qc2 f5 8.Nh3 d6
9.f3 Nf6 10.e3 c5 11.Bd3 Nc6 12.dxc5 dxc5 13.O-O Qc7 14.b3 b6 15.Bb2 Bb7
16.Rad1 a5 17.Nf4 Rae8 18.Ne2 Ne5 19.Nc3 Neg4 20.fxg4 Nxg4 21.g3 Nxe3 22.Qd2 Nxd1
23.Qxd1 Qc6  0-1

[Event "Open"]
[Site "Balatonlelle HUN"]
[Date "2004.07.24"]
[Round "6"]
[White "Kahn,E"]
[Black "Vajda,L"]
[Result "0-1"]
[WhiteElo "2321"]
[BlackElo "2539"]

1.d4 Nf6 2.c4 e6 3.Nc3 Bb4 4.Qc2 O-O 5.a3 Bxc3+ 6.Qxc3 b6 7.Bg5 Bb7 8.Nf3 d6
9.Nd2 Nbd7 10.e3 c5 11.f3 Rc8 12.Bd3 Ba6 13.O-O d5 14.Rfc1 h6 15.Bh4 cxd4
16.Qxd4 e5 17.Qc3 e4 18.fxe4 dxc4 19.Be2 Nxe4 20.Bxd8 Nxc3 21.Rxc3 Rfxd8
22.Bxc4 Ne5 23.Bxa6 Rxc3 24.bxc3 Rxd2 25.a4 Ng4 26.Re1 Rc2 27.c4 Kf8 28.h3 Ne5
29.Rd1 Nxc4 30.Rd8+ Ke7 31.Ra8 Nxe3 32.Rxa7+ Ke6 33.Bb7 Rc7 34.a5 bxa5 35.Ra6+ Kd7
36.Bf3 Rc5 37.Ra7+ Ke6 38.Ra6+ Kf5 39.Ra7 Kf6 40.Ra6+ Kg5 41.Ra7 Rf5 42.Kf2 Nc4
43.Kg3 h5 44.h4+ Kh6 45.Be4 Re5 46.Kf4 f6 47.Ra8 g5+ 48.hxg5+ fxg5+ 49.Kf3 Nd2+  0-1

[Event "ACT Open"]
[Site "Amsterdam NED"]
[Date "2004.07.25"]
[Round "9"]
[White "Gagunashvili,M"]
[Black "Martens,M"]
[Result "1-0"]
[WhiteElo "2580"]
[BlackElo "2430"]

1.d4 Nf6 2.c4 e6 3.Nc3 Bb4 4.Qc2 O-O 5.a3 Bxc3+ 6.Qxc3 b6 7.Bg5 Bb7 8.e3 d6
9.Ne2 Nbd7 10.Qd3 Re8 11.Nc3 e5 12.Rd1 Qc8 13.d5 e4 14.Qc2 h6 15.Bh4 g5 16.Bg3 Nf8
17.Be2 Ng6 18.Rd4 Qf5 19.Bf3 Kg7 20.Bxe4 Nxe4 21.Rxe4 b5 22.Qd3 Rxe4 23.Nxe4 f6
24.O-O Ne7 25.b3 a5 26.Qd4 a4 27.f4 g4 28.Bh4 Ng8 29.Ng3 Qc2 30.Bxf6+ Kf7
31.Bh8 Qh7 32.b4 bxc4 33.Qxc4 Ne7 34.Qxc7 Ba6 35.Qxd6 Bxf1 36.Bf6 Re8 37.Nxf1 Qe4
38.Be5 Nxd5 39.b5 Re7 40.Qc6 Qd3 41.Bd4 Nxe3 42.Bxe3 Rxe3 43.Nxe3 Qxe3+ 44.Kf1 Qxf4+
45.Ke2 Qe5+ 46.Kd3 Qf5+ 47.Kd4 Qf2+ 48.Kc4 Qb2 49.Qd7+ Kf8 50.Qf5+ Ke8 51.Qe4+ Kf7
52.Qf4+ Ke8 53.Qe3+ Kf7 54.b6 Qc2+ 55.Kb4 Qxg2 56.Qf4+ Kg6 57.Qd6+ Kh5 58.Qe5+ Kg6
59.Qe8+ Kg5 60.Qb5+ Kh4 61.b7 Qd2+ 62.Kc5 Qe3+ 63.Kc6 Qe6+ 64.Kc7 Qe7+ 65.Kb6 Qd6+
66.Qc6 Qd8+ 67.Ka7 Qa5+ 68.Qa6  1-0

[Event "2nd Asean GM"]
[Site "Bangkok THA"]
[Date "2004.07.25"]
[Round "6"]
[White "Dao Thien Hai"]
[Black "Yu Shaoteng"]
[Result "1-0"]
[WhiteElo "2583"]
[BlackElo "2476"]

1.d4 Nf6 2.c4 e6 3.Nc3 Bb4 4.Qc2 O-O 5.Bg5 h6 6.Bh4 c5 7.dxc5 Na6 8.e3 Nxc5
9.Ne2 Nce4 10.a3 Qa5 11.Rc1 Bxc3+ 12.Nxc3 Nxc3 13.Qxc3 Qxc3+ 14.Rxc3 g5 15.Bg3 Ne4
16.Rd3 Nxg3 17.hxg3 Kg7 18.c5 Rb8 19.Rd6 b6 20.cxb6 Rxb6 21.Rxb6 axb6 22.Bb5 Bb7
23.f3 Bc6 24.Be2 f5 25.Kd2 Kg6 26.Kc3 Ra8 27.Rd1 Ra4 28.Rd2 Kf6 29.Bd1 Ra5
30.Rd4 Rc5+ 31.Kd2 Rd5 32.Rxd5 Bxd5 33.a4 Ke7 34.b4 Kd6 35.Kc3 Bb7 36.Bc2 Kc7
37.Kd4 d6 38.Bb3 e5+ 39.Kc3 d5 40.Bc2 Bc8 41.Bd3 Kd6 42.f4 Bd7 43.fxe5+ Kxe5
44.a5 bxa5 45.bxa5 Bc6 46.a6 Ba8 47.Bb5 Ke4 48.Kd2 d4 49.Bd3+ Ke5 50.exd4+ Kxd4
51.Bxf5 Bxg2 52.Bc8 Bf1 53.a7 Bg2 54.Ke2 Kc5 55.Bg4 Kb6 56.Bf3 Bxf3+ 57.Kxf3 Kxa7
58.Kg4 Kb7 59.Kh5  1-0

[Event "Open Dutch Champ"]
[Site "Dieren NED"]
[Date "2004.07.27"]
[Round "1"]
[White "Bensdorp,M"]
[Black "Burg,T"]
[Result "1-0"]
[WhiteElo "2238"]
[BlackElo "2062"]

1.d4 Nf6 2.c4 e6 3.Nc3 Bb4 4.Qc2 O-O 5.a3 Bxc3+ 6.Qxc3 Ne4 7.Qc2 f5 8.e3 b6
9.Nh3 c5 10.f3 Nf6 11.dxc5 bxc5 12.Be2 Bb7 13.O-O Nc6 14.Bd2 a5 15.Bc3 Qc7
16.Rfd1 Rad8 17.Rac1 Ba6 18.Nf2 f4 19.exf4 Qxf4 20.Qd2 Qxd2 21.Rxd2 e5 22.Rd6 Bb7
23.Bd1 Kf7 24.Ba4 Ke7 25.Bxc6 Bxc6 26.Bxe5 Ne8 27.Rd2 d6 28.Bg3 Rf5 29.Ng4 h6
30.Bh4+ Nf6 31.Re1+ Kf8 32.Bxf6 gxf6 33.Re6 Rg5 34.Rxf6+ Kg7 35.Rdxd6 Rxd6
36.Rxd6 Ba4 37.Nxh6  1-0

[Event "9th Open"]
[Site "Creon FRA"]
[Date "2004.08.04"]
[Round "4"]
[White "Grigore,Ge"]
[Black "Boudre,JP"]
[Result "1-0"]
[WhiteElo "2507"]
[BlackElo "2352"]

1.d4 Nf6 2.c4 e6 3.Nc3 Bb4 4.Qc2 O-O 5.a3 Bxc3+ 6.Qxc3 b6 7.g3 Bb7 8.Nf3 d5
9.Bg2 Nbd7 10.O-O c5 11.cxd5 Bxd5 12.Be3 Rc8 13.dxc5 Nxc5 14.Rad1 Qe7 15.Qb4 Qb7
16.Qh4 Rfd8 17.Rd4 Qa6 18.Bg5 Ncd7 19.e4 Bc6 20.Bxf6 Nxf6 21.Rxd8+ Rxd8 22.e5 Bxf3
23.Bxf3  1-0

[Event "3rd Asean GM"]
[Site "Bangkok THA"]
[Date "2004.08.06"]
[Round "10"]
[White "Nguyen Anh Dung"]
[Black "Dao Thien Hai"]
[Result "1/2-1/2"]
[WhiteElo "2561"]
[BlackElo "2583"]

1.d4 Nf6 2.c4 e6 3.Nc3 Bb4 4.Qc2 O-O 5.a3 Bxc3+ 6.Qxc3 b6 7.Bg5 Bb7 8.e3 d6
9.Ne2 Nbd7 10.Qd3 a5 11.Nc3 a4  1/2-1/2

[Event "ch-Arab"]
[Site "Dubai UAE"]
[Date "2004.08.08"]
[Round "6"]
[White "Al Sayed,Mohamad"]
[Black "Tissir,M"]
[Result "1-0"]
[WhiteElo "2443"]
[BlackElo "2416"]

1.d4 Nf6 2.c4 e6 3.Nc3 Bb4 4.Qc2 O-O 5.e4 d6 6.e5 dxe5 7.dxe5 Ng4 8.Nf3 Nc6
9.a3 Bc5 10.Ne4 Nd4 11.Nxd4 Bxd4 12.Bg5 Qe8 13.O-O-O c5 14.Qe2 Nxe5 15.Rxd4 cxd4
16.Nf6+ gxf6 17.Bxf6 Ng6 18.Qd2 d3 19.Qh6 d2+ 20.Kb1  1-0

[Event "IV Mario Covas"]
[Site "Santos BRA"]
[Date "2004.08.08"]
[Round "9"]
[White "Coelho,L"]
[Black "Limp,E"]
[Result "1/2-1/2"]
[WhiteElo "2391"]
[BlackElo "2441"]

1.d4 Nf6 2.c4 e6 3.Nc3 Bb4 4.Qc2 O-O 5.e4 c5 6.a3 Bxc3+ 7.bxc3 Qa5 8.Bd2 d5
9.cxd5 exd5 10.e5 Ne4 11.Bd3 Nxd2 12.Qxd2 Nc6 13.Ne2 f6 14.exf6 Rxf6 15.dxc5 Qxc5
16.O-O Bf5 17.Bxf5 Rxf5 18.Nd4 Re5 19.Rfe1 Rae8 20.h3  1/2-1/2

[Event "ch-Arab"]
[Site "Dubai UAE"]
[Date "2004.08.11"]
[Round "9"]
[White "Hakki,I"]
[Black "Hassan,Ab"]
[Result "1-0"]
[WhiteElo "2451"]
[BlackElo "2324"]

1.d4 e6 2.c4 Nf6 3.Nc3 Bb4 4.Qc2 O-O 5.a3 Bxc3+ 6.Qxc3 b5 7.cxb5 c6 8.e3 cxb5
9.Bd3 Bb7 10.f3 Nc6 11.Bd2 Nd5 12.Qc5 a6 13.Qd6 Na5 14.e4 Nb3 15.Rd1 Nxd2
16.Rxd2 Qb6 17.Qg3 Nf6 18.Ne2 d6 19.O-O e5 20.Kh1 Rfe8 21.Bb1 b4 22.Rfd1 Bc6
23.axb4 Ba4 24.Bc2 Bxc2 25.Rxc2 Qxb4 26.h3 Qb3 27.Rcd2 Rac8 28.Qf2 Rc2 29.Nc1 Rxd2
30.Qxd2 Qb6 31.d5 Rb8 32.Nd3 h6 33.Qc3 Nh5 34.Kh2 Qe3 35.Re1 Qg5 36.b4 Qg3+
37.Kh1 Kh7 38.Ra1 Rf8 39.Qd2 f5 40.Rxa6 Rf6 41.Qe2 fxe4 42.Qxe4+ Rg6  1-0

[Event "RUS-CHN"]
[Site "Moscow CHN"]
[Date "2004.08.11"]
[Round "2"]
[White "Huang Qian"]
[Black "Zaiatz,E"]
[Result "1/2-1/2"]
[WhiteElo "2356"]
[BlackElo "2405"]

1.d4 Nf6 2.c4 e6 3.Nc3 Bb4 4.Qc2 O-O 5.a3 Bxc3+ 6.Qxc3 b6 7.Bg5 Ba6 8.Qf3 Nc6
9.e3 Bb7 10.Qd1 d6 11.Ne2 Nb8 12.Nc3 Nbd7 13.Bd3 h6 14.Bh4 c5 15.d5 Qe7 16.Be2 Rad8
17.O-O exd5 18.cxd5 a6 19.a4 Rc8 20.Qb3 Rfe8 21.Rad1 Qd8 22.h3 Qc7 23.Qc2 Re7
24.e4 Ree8 25.Rfe1 Rb8 26.b3 Nh7 27.Bg3 Bc8 28.Kh2 Nhf8 29.f4 f6 30.Bh5 g6
31.Bf3 Qd8 32.Bg4 Kg7 33.Be6 Nxe6 34.dxe6 Rxe6 35.f5 gxf5 36.Rxd6 Rxd6 37.Bxd6 Rb7
38.exf5 Ne5 39.Bxe5 fxe5 40.Rxe5 Qd6 41.Qe4 Bxf5 42.Qf4 Rf7 43.Nd5 Bg6 44.Qg3 Kh7
45.h4 b5 46.axb5 axb5 47.Nf4 Bc2 48.Qe3 Qd4 49.g3 Qxe3 50.Rxe3 b4 51.Re5 Bxb3
52.Rxc5 Rb7 53.Nd3 Bf7 54.Nb2 b3 55.Kg2 Rd7 56.Rf5 Kg6 57.Rf2 Bd5+ 58.Kf1 Be4
59.Ke2 h5 60.Rf4 Bc2 61.Rb4 Rd5 62.g4 hxg4 63.Rxg4+ Kh6 64.Ke3 Rd6 65.Rd4 Re6+
66.Kd2 Kh5 67.Kc3 Re3+ 68.Kb4 Rh3 69.Ka3 Rxh4 70.Rxh4+ Kxh4 71.Nc4 Kg3  1/2-1/2

[Event "HZ Open"]
[Site "Vlissingen NED"]
[Date "2004.08.13"]
[Round "8"]
[White "Bosboom Lanchava,T"]
[Black "Pedersen,NV"]
[Result "1/2-1/2"]
[WhiteElo "2370"]
[BlackElo "2471"]

1.d4 Nf6 2.c4 e6 3.Nc3 Bb4 4.Qc2 O-O 5.a3 Bxc3+ 6.Qxc3 b6 7.Bg5 Bb7 8.f3 h6
9.Bh4 d5 10.e3 Nbd7 11.Bd3 c5 12.cxd5 exd5 13.Ne2 Re8 14.O-O Qe7 15.Bf2 a5
16.Ng3 Ba6 17.Rfe1 Bxd3 18.Qxd3 Qf8 19.e4 dxe4 20.Nxe4 Nxe4 21.Rxe4 Rxe4
22.Qxe4 cxd4  1/2-1/2

[Event "FSGM August"]
[Site "Budapest HUN"]
[Date "2004.08.15"]
[Round "9"]
[White "Hoang Thanh Trang"]
[Black "Manca,F"]
[Result "1/2-1/2"]
[WhiteElo "2455"]
[BlackElo "2366"]

1.d4 Nf6 2.c4 e6 3.Nc3 Bb4 4.Qc2 O-O 5.a3 Bxc3+ 6.Qxc3 b5 7.cxb5 c6 8.Bg5 cxb5
9.e3 Bb7 10.Nf3 h6 11.Bxf6 Qxf6 12.Be2 Rc8 13.Qd3 a6 14.O-O d6 15.Nd2 Nd7
16.Rfc1 Nb6 17.e4 Qg5 18.Qe3 Qxe3 19.fxe3 Na4 20.b3 Nc3 21.Bd3 Rc7 22.Kf1 Rac8
23.Ke1 Kf8 24.Rc2 Ke7 25.Rac1 Kd8 26.b4 f6 27.g4 g5 28.h3 Ba8 29.Kf1 Bb7
30.Ke1 Ba8  1/2-1/2

[Event "FSGM August"]
[Site "Budapest HUN"]
[Date "2004.08.17"]
[Round "11"]
[White "Hoang Thanh Trang"]
[Black "Nguyen Ngoc Truongson"]
[Result "1/2-1/2"]
[WhiteElo "2455"]
[BlackElo "2466"]

1.d4 Nf6 2.c4 e6 3.Nc3 Bb4 4.Qc2 O-O 5.a3 Bxc3+ 6.Qxc3 b6 7.Bg5 c5 8.dxc5 bxc5
9.e3 Bb7 10.Nf3 d6 11.Bd3 Nbd7 12.Rd1 Qe7  1/2-1/2

[Event "Open A"]
[Site "Riga LAT"]
[Date "2004.08.17"]
[Round "4"]
[White "Sakalauskas,V"]
[Black "Sulskis,S"]
[Result "0-1"]
[WhiteElo "2437"]
[BlackElo "2557"]

1.d4 Nf6 2.c4 e6 3.Nc3 Bb4 4.Qc2 O-O 5.a3 Bxc3+ 6.Qxc3 Ne4 7.Qc2 f5 8.Nh3 d6
9.f3 Nf6 10.e3 e5 11.Be2 f4 12.Nf2 exd4 13.exd4 Nc6 14.Qd1 Nh5 15.d5 Ne5
16.Qd4 Qf6 17.Kf1 Bf5 18.b3 Rae8 19.Bb2 b6 20.b4 Rf7 21.Rd1 Rfe7 22.Qd2 Qg6
23.Bc3 a5 24.bxa5 bxa5 25.Bxa5 Nc6 26.Re1 Nxa5 27.Qxa5 Re3 28.Qd2 Rxa3 29.Ne4 Bxe4
30.fxe4 Nf6 31.Bf3 Ng4 32.Qb2 Rea8 33.Bxg4 Qxg4 34.h3 Qg3 35.Qf2 Ra2 36.Qxg3 fxg3
37.h4 Rf2+ 38.Kg1 Re2 39.Rc1 Rxe4 40.Rh3 Rxc4 41.Re1 Ra3  0-1

[Event "Open"]
[Site "Vladimir RUS"]
[Date "2004.08.21"]
[Round "4"]
[White "Rychagov,A"]
[Black "Sergeev,Ve"]
[Result "1-0"]
[WhiteElo "2512"]
[BlackElo "2407"]

1.d4 Nf6 2.c4 e6 3.Nc3 Bb4 4.Qc2 O-O 5.a3 Bxc3+ 6.Qxc3 b6 7.Bg5 Bb7 8.f3 d5
9.e3 Nbd7 10.cxd5 exd5 11.Bd3 c5 12.Ne2 Qe7 13.Ng3 h6 14.Bf4 cxd4 15.Qxd4 Nc5
16.Nf5 Qd8 17.Be5 Nxd3+ 18.Qxd3 Bc8 19.Rc1 Bxf5 20.Qxf5 Nd7 21.Bd4 Nc5 22.O-O Nb3
23.Rcd1 Nxd4 24.Rxd4 Qe7 25.Re1 Rad8 26.Rxd5 Rxd5 27.Qxd5 Rd8 28.Qc4 Qe5
29.Qc2 a5 30.f4 Qe7 31.h3 Rd6 32.e4 Qd8 33.Qf2 Rd2 34.Re2 Rd1+ 35.Kh2 h5
36.e5 h4 37.Rc2 g6 38.Rc4 Kg7 39.f5 g5 40.Rg4 Kh6  1-0

[Event "14th Open"]
[Site "Abu Dhabi UAE"]
[Date "2004.08.22"]
[Round "8"]
[White "Gozzoli,Y"]
[Black "Safin,S"]
[Result "1/2-1/2"]
[WhiteElo "2429"]
[BlackElo "2466"]

1.d4 Nf6 2.c4 e6 3.Nc3 Bb4 4.Qc2 O-O 5.e4 c5 6.a3 Bxc3+ 7.bxc3 d5 8.e5 Ne4
9.Bd3 Qa5 10.Ne2 cxd4 11.cxd5 exd5 12.f3 Nxc3 13.Nxd4 Nb5+ 14.Bd2 Nxd4 15.Bxh7+ Kh8
16.Bxa5 Nxc2+ 17.Bxc2 Nc6 18.Bc7 Nd4 19.Bd3 Bd7 20.Rb1 Rfc8 21.Bd6 Rc3 22.Kd2 Rac8
23.Rb4 Nb3+ 24.Ke2 d4 25.Rb1 Be6 26.R1xb3 Bxb3 27.Rxb7 a5 28.Bf5 Be6 29.Be4 Bc4+
30.Kd2 Rb3 31.Rxb3 Bxb3 32.Kd3 Bc2+ 33.Kxd4 Bxe4 34.Kxe4 Rc2 35.g4 Rxh2 36.Kf5 Re2
37.f4 Kg8 38.Bc7 a4 39.Bd6 Ra2 40.Be7 Kh7 41.Kg5 Rf2 42.Bc5 Rf1 43.Be7 Kg8
44.Kf5 Rg1 45.g5 Rg2 46.Bd6 Rg1 47.Bc5 Rg2 48.Bd6 Re2 49.Be7 g6+ 50.Kg4 Re3
51.Bc5 Rc3 52.Bb4 Rd3 53.Bd6 Kg7 54.Be7 Rb3 55.Bd6 Rd3 56.Be7 Rb3  1/2-1/2

[Event "IM"]
[Site "Kostrena CRO"]
[Date "2004.08.29"]
[Round "4"]
[White "Varga,P"]
[Black "Bosiocic,Mari"]
[Result "1-0"]
[WhiteElo "2428"]
[BlackElo "2308"]

1.d4 Nf6 2.c4 e6 3.Nc3 Bb4 4.Qc2 O-O 5.a3 Bxc3+ 6.Qxc3 b6 7.Bg5 Ba6 8.Qf3 Nc6
9.e3 Bb7 10.Bxf6 Qxf6 11.Qxf6 gxf6 12.Ne2 Ne7 13.Nf4 Kh8 14.f3 Ng6 15.Nh5 f5
16.Kf2 f6 17.Be2 Kg8 18.h3 Kf7 19.g4 fxg4 20.hxg4 Ke7 21.Ng3 Rf7 22.Rh5 Rg8
23.b4 Rfg7 24.Rah1 Nf8 25.R1h3 Rf7 26.Bd3 Rgg7 27.Rh6 Ng6 28.Nh5 Rg8 29.Nf4 Nxf4
30.exf4 Rgg7 31.Rxh7 Rxh7 32.Bxh7 f5 33.Ke3 d5 34.cxd5 Bxd5 35.Bg6 Rg7 36.gxf5 Kf6
37.Rh6 exf5 38.Bh7+ Ke7 39.Bxf5 Rg1 40.Rh7+ Bf7 41.Kf2 Rg8 42.Be4 Kf6 43.Rxf7+  1-0

[Event "IM"]
[Site "Kostrena CRO"]
[Date "2004.08.31"]
[Round "6"]
[White "Varga,P"]
[Black "Bratovic,B"]
[Result "1/2-1/2"]
[WhiteElo "2428"]
[BlackElo "2332"]

1.d4 Nf6 2.c4 e6 3.Nc3 Bb4 4.Qc2 O-O 5.a3 Bxc3+ 6.Qxc3 b6 7.Bg5 Bb7 8.Nf3 d6
9.Nd2 Nbd7 10.f3 h6 11.Bh4 c5 12.e4 Re8 13.Bd3 Rc8 14.O-O e5 15.dxe5 dxe5
16.Rfd1 g5 17.Bg3 Nh5 18.Nf1 Nf4 19.Ne3 Qf6 20.Bf1 Nf8 21.Rd2 Rcd8 22.Ng4 Qg7
23.Rxd8 Rxd8 24.Qxe5 Qxe5 25.Nxe5 Rd2 26.b4 N8e6 27.Ng4 h5 28.Nf6+ Kg7 29.Be1 Rc2
30.Ne8+ Kf8 31.Nd6 Bc6 32.bxc5 bxc5 33.Nf5 Nd4 34.Nxd4 cxd4 35.Rd1 d3 36.Bb4+ Ke8
37.Rd2 Rxc4 38.Bxd3 Nxd3 39.Rxd3 f6 40.Rd2 Kf7 41.Kf2 a6 42.Ke3 Rc1 43.h3 h4
44.Rd6 Bb5 45.f4 gxf4+ 46.Kxf4 Rc2 47.g3 hxg3 48.Kxg3 Rc4 49.Kf4 Bc6 50.Kg3 Bb5
51.Kf4 Bc6 52.Kg3 Bb5  1/2-1/2

[Event "IM"]
[Site "Kostrena CRO"]
[Date "2004.09.01"]
[Round "7"]
[White "Doric,D"]
[Black "Zorko,Ju"]
[Result "1/2-1/2"]
[WhiteElo "2300"]
[BlackElo "2319"]

1.d4 Nf6 2.c4 e6 3.Nc3 Bb4 4.Qc2 O-O 5.a3 Bxc3+ 6.Qxc3 b6 7.Bg5 Bb7 8.f3 h6
9.Bh4 d5 10.e3 Nbd7 11.cxd5 Nxd5 12.Bxd8 Nxc3 13.Bh4 Nd5 14.Bf2 c5 15.e4 Nf4
16.Bb5 Rad8 17.Ne2 Nxg2+ 18.Kf1 f5 19.d5 a6 20.Bxd7 Rxd7 21.exf5 Rxd5 22.Kxg2 Rdxf5
23.Ng1 e5 24.Be3 Rxf3 25.Nxf3 Rxf3 26.Bf2 Rf5+ 27.Kg3 Rf3+ 28.Kg2 Rf5+ 29.Kg3  1/2-1/2

[Event "8th WUCC"]
[Site "Instanbul TUR"]
[Date "2004.09.07"]
[Round "4"]
[White "Khismatullin,D"]
[Black "Jenni,F"]
[Result "1/2-1/2"]
[WhiteElo "2556"]
[BlackElo "2517"]

1.c4 Nf6 2.Nc3 e6 3.d4 Bb4 4.Qc2 O-O 5.a3 Bxc3+ 6.Qxc3 b6 7.Bg5 Bb7 8.e3 d6
9.Ne2 Nbd7 10.Qd3 Re8 11.Nc3 h6 12.Bh4 Nf8 13.f3 Ng6 14.Bf2 e5 15.e4 exd4
16.Qxd4 c5 17.Qd2 d5 18.cxd5 Nxd5 19.Bb5 Nxc3 20.Qxc3 Re6 21.O-O Nf4 22.Bg3 Qg5
23.Rad1 Bc6 24.Bc4 Rg6 25.Qd2 Nh5 26.Be1 b5 27.Ba2 Nf4 28.Bg3 Nh5 29.Qxg5 hxg5
30.Bd6 c4 31.b3 g4 32.fxg4 Rxg4 33.bxc4 Bxe4 34.Rd2 bxc4 35.Bxc4 Nf6 36.h3 Rg5
37.g4 Bd5 38.Rf4 Bxc4 39.Rxc4 Re8 40.Bc5 a6 41.Kh2 Ne4 42.Re2 Rc8  1/2-1/2

[Event "FSGM September"]
[Site "Budapest HUN"]
[Date "2004.09.08"]
[Round "5"]
[White "Dearing,E"]
[Black "Lukin,A"]
[Result "1/2-1/2"]
[WhiteElo "2392"]
[BlackElo "2417"]

1.d4 Nf6 2.c4 e6 3.Nc3 Bb4 4.Qc2 O-O 5.a3 Bxc3+ 6.Qxc3 b6 7.Bg5 Bb7 8.e3 d6
9.f3 Nbd7 10.Bd3 h6 11.Bh4 c5 12.Ne2 Rc8 13.Qb3 cxd4 14.exd4 d5 15.O-O dxc4
16.Bxc4 a6 17.a4 Rc6 18.Qd3  1/2-1/2

[Event "TCh-CRO"]
[Site "Rabac CRO"]
[Date "2004.09.09"]
[Round "5"]
[White "Komljenovic,D"]
[Black "Jankovic,A"]
[Result "1/2-1/2"]
[WhiteElo "2461"]
[BlackElo "2444"]

1.c4 Nf6 2.Nc3 e6 3.d4 Bb4 4.Qc2 O-O 5.a3 Bxc3+ 6.Qxc3 b6 7.Bg5 Bb7 8.e3 d6
9.Ne2 Nbd7 10.Qd3 h6 11.Bh4 Ba6 12.Nc3 d5 13.Qc2 Bxc4 14.Bxc4 dxc4 15.Qa4 c5
16.Qxc4 cxd4 17.Qxd4 g5 18.Bg3 Nc5 19.Rd1 Qxd4 20.Rxd4 Rfd8 21.Rxd8+ Rxd8
22.Ke2 Nfe4 23.Nxe4 Nxe4 24.Rd1  1/2-1/2

[Event "8th WUCC Women"]
[Site "Instanbul TUR"]
[Date "2004.09.10"]
[Round "8"]
[White "Ovod,E"]
[Black "Khukhashvili,S"]
[Result "1/2-1/2"]
[WhiteElo "2308"]
[BlackElo "2256"]

1.d4 Nf6 2.c4 e6 3.Nc3 Bb4 4.Qc2 O-O 5.a3 Bxc3+ 6.Qxc3 b6 7.f3 c5 8.dxc5 bxc5
9.Bg5 Nc6 10.e3 Rb8 11.Bd3 Ne4 12.Bxe4 Qxg5 13.f4 Qh4+ 14.g3 Qf6 15.Qxf6 gxf6
16.Bxc6 dxc6 17.O-O-O Ba6 18.Ne2 Bxc4 19.Nc3 f5 20.Rd7 a6 21.Re1 Rb3 22.Red1 Bd5
23.Ra7 Rfb8 24.Rd2 R8b6 25.Na4 R6b5 26.Nc3 Rb6 27.Na4 R6b5  1/2-1/2

[Event "TCh-SCG Men"]
[Site "Budva SCG"]
[Date "2004.09.11"]
[Round "4"]
[White "Miljkovic,Mir"]
[Black "Kurcubic,A"]
[Result "1/2-1/2"]
[WhiteElo "2406"]
[BlackElo "2342"]

1.d4 Nf6 2.c4 e6 3.Nc3 Bb4 4.Qc2 O-O 5.a3 Bxc3+ 6.Qxc3 b6 7.Bg5 Bb7 8.e3 h6
9.Bh4 d5 10.c5 bxc5 11.dxc5 c6 12.Bd3 a5 13.Nf3 Nbd7 14.O-O Ba6 15.Bxa6 Rxa6
16.b4 Qb8 17.Nd4 Ne4 18.Qd3 Qa7 19.f3 Nef6 20.Bxf6 Nxf6 21.b5 cxb5 22.Rfc1 Nd7
23.Nxb5 Qb8 24.Rab1 Ne5 25.Qe2 Qc8 26.Nd6 Qa8 27.f4 Nd7 28.Qb5 Rc6 29.f5 Rb8
30.Nb7 Rxc5 31.Rxc5 Nxc5 32.Qxc5 Rxb7 33.Rxb7 Qxb7 34.fxe6 fxe6 35.Qxa5  1/2-1/2

[Event "TCh-CRO w"]
[Site "Rabac CRO"]
[Date "2004.09.11"]
[Round "7"]
[White "Detelic,M"]
[Black "Jelica,M"]
[Result "0-1"]
[WhiteElo "1927"]
[BlackElo "2252"]

1.d4 Nf6 2.c4 e6 3.Nc3 Bb4 4.Qc2 O-O 5.Nf3 d5 6.a3 Bxc3+ 7.Qxc3 Ne4 8.Qc2 Nd7
9.Bf4 c6 10.e3 g5 11.Bg3 f5 12.Bd3 Qf6 13.O-O-O b6 14.Rhf1 Nxg3 15.hxg3 Rf7
16.Kb1 Bb7 17.Rh1 g4 18.Nd2 Rc8 19.Rh2 c5 20.Nb3 cxd4 21.Nxd4 dxc4 22.Be2 Be4  0-1

[Event "TCh-SCG Women"]
[Site "Budva SCG"]
[Date "2004.09.16"]
[Round "8"]
[White "Foisor,C"]
[Black "Bojkovic,N"]
[Result "0-1"]
[WhiteElo "2438"]
[BlackElo "2393"]

1.d4 Nf6 2.c4 e6 3.Nc3 Bb4 4.Qc2 O-O 5.Nf3 c5 6.dxc5 Na6 7.Bd2 Nxc5 8.a3 Bxc3
9.Bxc3 d6 10.Ng5 e5 11.Rd1 Qe7 12.b4 Ne6 13.h4 h6 14.Nf3 b6 15.g4 Nxg4 16.Rg1 f5
17.e3 Bb7 18.Be2 Rad8 19.Qa2 Kh8 20.Rg3 Nf6 21.Bxe5 dxe5 22.Nxe5 Kh7 23.Ng6 Qf7
24.Nxf8+ Rxf8 25.Qb2 Ne4 26.Rh3 Qg6 27.Bf1 Re8 28.Rd7 Bc6 29.Rxa7 Nf4 30.Rf3 Nh5
31.b5 Nd2 32.Rh3 Nxf1 33.bxc6 Qg1 34.Qd4 Nxe3+ 35.Kd2 Qd1+ 36.Kc3 Qa1+ 37.Kd3 Qf1+
38.Kd2 Nxc4+ 39.Kc3 Qxh3+ 40.Kxc4 Re4 41.Qxe4 fxe4 42.c7 Qd7 43.a4 Nf6  0-1

[Event "ch-Euro Seniors"]
[Site "Arvier ITA"]
[Date "2004.09.17"]
[Round "8"]
[White "Macek,V"]
[Black "Saunina,L"]
[Result "0-1"]
[WhiteElo "2230"]
[BlackElo "2282"]

1.d4 Nf6 2.c4 e6 3.Nc3 Bb4 4.Qc2 O-O 5.a3 Bxc3+ 6.Qxc3 b6 7.f3 c5 8.dxc5 bxc5
9.Bg5 Nc6 10.Nh3 Qa5 11.Bd2 Qxc3 12.Bxc3 Rb8 13.O-O-O Rd8 14.Nf4 d6 15.e3 Kf8
16.Be2 Ba6 17.Rhe1 Ke7 18.Kc2 g5 19.Nh3 h6 20.Nf2 e5 21.f4 Ke6 22.Bd3 Rg8
23.g3 g4 24.Ne4 Ne8 25.Nd2 f6 26.Be4 Ne7 27.b4 f5 28.Bg2 e4 29.b5 Bb7 30.Nb3 Nc8
31.Bf1 Nb6 32.Na5 Ba8 33.Ra1 Na4 34.Nb3 h5 35.Bd2 Rh8 36.Reb1 h4 37.Be1 hxg3
38.Bxg3 Nf6 39.Nd2 Rh7 40.Kb3 Nb6 41.a4 Bb7 42.Kc3 Rbh8 43.Bg2 Nh5 44.Be1 Nxf4
45.exf4 Rxh2 46.a5 Nd7 47.Nxe4 Rxg2 48.Ng5+ Ke7 49.Bd2 Nf6 50.a6 Ne4+ 51.Nxe4 Bxe4
52.Re1 Kd7 53.Re3 Kc7 54.Rae1 Rh3 55.Rc1 Rf2 56.Re1 Rhh2 57.Bc1 Rf3 58.Rxf3 gxf3
59.Bd2 f2 60.Rf1 Rh3+  0-1

[Event "79th ch-ARG"]
[Site "Buenos Aires ARG"]
[Date "2004.09.24"]
[Round "1"]
[White "Lafuente,P"]
[Black "Reta,M"]
[Result "1-0"]
[WhiteElo "2461"]
[BlackElo "2188"]

1.d4 Nf6 2.c4 e6 3.Nc3 Bb4 4.Qc2 O-O 5.a3 Bxc3+ 6.Qxc3 b6 7.Bg5 Bb7 8.e3 h6
9.Bh4 c5 10.dxc5 bxc5 11.Bxf6 Qxf6 12.Qxf6 gxf6 13.Ne2 Rd8 14.Nc3 Kf8 15.f3 Ke7
16.b4 cxb4 17.axb4 Na6 18.Ra4 Nc7 19.b5 d6 20.Be2 Rdb8 21.Kf2 Bc8 22.Rha1 a6
23.e4 axb5 24.cxb5 Rxa4 25.Rxa4 Rb7 26.Ke3 Bd7 27.Ra5 Be8 28.Kd4 Bd7 29.Kc4 f5
30.exf5 Kf6 31.fxe6 fxe6 32.Kb4 Ke7 33.f4 Bc6 34.g3 Kf6 35.Ra2 e5 36.Ka5 Ke7
37.Rd2 Bh1 38.Rd1 Bg2 39.fxe5 dxe5 40.Rg1 Nxb5 41.Nxb5 Bc6 42.Re1 Bxb5 43.Bxb5 Kf6
44.Kb4 h5 45.Re4  1-0

[Event "IMB Classic"]
[Site "Gausdal NOR"]
[Date "2004.09.24"]
[Round "2"]
[White "Berry,N"]
[Black "Unander,M"]
[Result "1-0"]
[WhiteElo "2228"]
[BlackElo "2186"]

1.d4 Nf6 2.c4 e6 3.Nc3 Bb4 4.Qc2 O-O 5.a3 Bxc3+ 6.Qxc3 d6 7.g3 e5 8.dxe5 dxe5
9.Bg2 Nc6 10.b4 Bf5 11.Bb2 Nd4 12.Rc1 Qd7 13.Nf3 Rad8 14.Nxe5 Qe6 15.f4 Ng4
16.e3 Nxe5 17.fxe5 Nf3+ 18.Bxf3 Rd3 19.O-O Rxc3 20.Bxc3 Bd3 21.Bd5 Qh6 22.Rf4 c6
23.Rd1 Bc2 24.Bxf7+ Kh8 25.Rd6 Qg5 26.e6 Bf5 27.Rd7 Rb8 28.Kf2 Bh3 29.Bh5 Bxe6
30.Rxg7 Qxg7 31.Bxg7+ Kxg7 32.Bg4 Bf7 33.Rd4 Kf6 34.c5 b6 35.cxb6 Rxb6 36.Rd6+ Ke5
37.Rd7 Bd5 38.Rxa7 c5 39.Ra5 Rf6+ 40.Ke2 Ke4 41.Rxc5  1-0

[Event "Tatry Open"]
[Site "Tatranske Zruby SVK"]
[Date "2004.09.25"]
[Round "1"]
[White "Pospichal,K"]
[Black "Michenka,J"]
[Result "0-1"]
[WhiteElo "2054"]
[BlackElo "2351"]

1.d4 Nf6 2.c4 e6 3.Nc3 Bb4 4.Qc2 O-O 5.Nf3 c5 6.a3 Bxc3+ 7.bxc3 d6 8.e4 e5
9.Bg5 h6 10.Bxf6 Qxf6 11.d5 Qg6 12.Be2 Nd7 13.Nh4 Qg5 14.Nf5 Nf6 15.Nxd6 Qxg2
16.O-O-O Qxf2 17.Rdf1 Qh4 18.Nxc8 Raxc8 19.Bf3 Rfd8 20.Qf2 Qxf2 21.Rxf2 Rd6
22.Rb2 Rc7 23.Kc2 Ne8 24.Rg1 Rf6 25.Rg3 Ra6 26.Ra2 Nd6 27.Kd3 Ra4 28.Bd1 Rxc4
29.Re2 b5 30.Bb3 Rxe4 31.Rxe4 c4+ 32.Bxc4 bxc4+ 33.Ke3 f6 34.Rg2 Rc5 35.Reg4 g5
36.Rb2 f5 37.Rg1 Rxd5 38.Rd2 f4+ 39.Ke2 f3+ 40.Ke1 Rd3 41.h4 Ne4 42.Rb2 Rxc3
43.hxg5 Rc1+  0-1

[Event "TCh-BEL 2004-5"]
[Site "Belgium BEL"]
[Date "2004.09.26"]
[Round "2"]
[White "Akesson,R"]
[Black "Kveinys,A"]
[Result "0-1"]
[WhiteElo "2467"]
[BlackElo "2518"]

1.d4 Nf6 2.c4 e6 3.Nc3 Bb4 4.Qc2 O-O 5.a3 Bxc3+ 6.Qxc3 b6 7.Bg5 Bb7 8.f3 d6
9.e3 Nbd7 10.Nh3 c5 11.Be2 Rc8 12.dxc5 Nxc5 13.Rd1 e5 14.O-O Ne6 15.Bxf6 Qxf6
16.Nf2 h5 17.Qd3 Qh6 18.b4 Rcd8 19.Qb3 Kh8 20.Rd3 f5 21.Qd1 f4 22.Rxd6 fxe3
23.Nh3 Qf6 24.c5 Rxd6 25.cxd6 Nd4 26.Qd3 Bc8 27.Qxe3 Bxh3 28.gxh3 Qf4 29.Qd3 Rd8
30.Bd1 Rxd6 31.Qe4 Rc6 32.Re1 Qd2 33.Rf1 Rf6 34.Kh1 Qf4 35.Qxf4 exf4 36.Re1 Re6
37.Rxe6 Nxe6 38.Kg2 Nd4 39.Kf2 Kg8 40.Ke1 Kf7 41.Kd2 Ke6 42.Kd3 Kd5 43.a4 g5
44.Kc3 a5 45.bxa5 bxa5 46.Kd3 h4 47.Kc3 Kc5 48.Kd3 Nf5 49.Bb3 Kb4 50.Be6 Ne3
51.Bd7 Nd5 52.Kd4 Nb6 53.Be8 Nxa4 54.Ke5 Nc3 55.Kf5 Nb5 56.Kxg5 a4 57.Kxh4 a3
58.Bf7 Nd4 59.Ba2 Kc3  0-1